Online
Catalog

Gigi / : (Record no. 4541)

MARC details
000 -CABECERA
campo de control de longitud fija 00904nam a2200265 a 4500
001 - NÚMERO DE CONTROL
campo de control 000004735
005 - FECHA Y HORA DE LA ÚLTIMA TRANSACCIÓN
campo de control 20200929151507.0
008 - DATOS DE LONGITUD FIJA--INFORMACIÓN GENERAL
campo de control de longitud fija 790718s1977 sp 000 f spa
020 ## - NÚMERO INTERNACIONAL ESTÁNDAR DEL LIBRO
Número Internacional Estándar del Libro 8401441781
040 ## - FUENTE DE LA CATALOGACIÓN
Centro catalogador/agencia de origen DO-SdBNP
Lengua de catalogación spa
Centro/agencia transcriptor BNPHU
082 ## - NÚMERO DE LA CLASIFICACIÓN DECIMAL DEWEY
Número de clasificación 843.9
Número de documento/Ítem C694g
100 1# - ENTRADA PRINCIPAL--NOMBRE DE PERSONA
Nombre de persona Colette
Forma completa/desarrollada del nombre (Sidonie Gabrielle Colette),
Fechas asociadas al nombre 1873-1954.
9 (RLIN) 13775
240 10 - TÍTULO UNIFORME
Título uniforme Gigi: l'enfant malade la dame du photographe flore et pomene /
Lenguaje de la obra Español
245 10 - MENCIÓN DE TÍTULO
Título Gigi / :
Resto del título Colette ; traducción, E. Piña.
260 ## - PUBLICACIÓN, DISTRIBUCIÓN, ETC.
Lugar de publicación, distribución, etc. Barcelona :
Nombre del editor, distribuidor, etc. Plaza & Janes,
Fecha de publicación, distribución, etc. 1977.
300 ## - DESCRIPCIÓN FÍSICA
Extensión 157 p. ;
Dimensiones 19 cm.
490 0# - MENCIÓN DE SERIE
Mención de serie Rotativa
534 ## - NOTA SOBRE LA VERSIÓN ORIGINAL
Encabezamiento principal del original Títulos originales:
Mención de título del original Gigi: l'enfant malade la dame du photographe flore et pomene
650 #4 - PUNTO DE ACCESO ADICIONAL DE MATERIA--TÉRMINO DE MATERIA
Término de materia o nombre geográfico como elemento de entrada Novela francesa
9 (RLIN) 1075
650 #4 - PUNTO DE ACCESO ADICIONAL DE MATERIA--TÉRMINO DE MATERIA
Término de materia o nombre geográfico como elemento de entrada Literatura francesa
9 (RLIN) 1074
700 1# - PUNTO DE ACCESO ADICIONAL--NOMBRE DE PERSONA
Nombre de persona Piña, E,
Término indicativo de función/relación tr.
9 (RLIN) 13776
740 0# - PUNTO DE ACCESO ADICIONAL--TÍTULO RELACIONADO O ANALÍTICO NO CONTROLADO
Título relacionado o analítico no controlado Julie de Carneilhan.
740 0# - PUNTO DE ACCESO ADICIONAL--TÍTULO RELACIONADO O ANALÍTICO NO CONTROLADO
Título relacionado o analítico no controlado Chance acquaintances.
830 #0 - PUNTO DE ACCESO ADICIONAL DE SERIE-TÍTULO UNIFORME
Título uniforme Rotativa
9 (RLIN) 12897
Holdings
Estado de retiro Estado de pérdida Restricciones de uso No para préstamo Código de colección Localización permanente Ubicación/localización actual Ubicación en estantería Fecha de adquisición Número de inventario Total de préstamos Signatura topográfica completa Código de barras Fecha visto por última vez Precio válido a partir de Tipo de ítem Koha Número de copia
    Préstamo interno   Monografías: Libros y Folletos General General Depósito 25.07.2009 LF1   843.9 C694g 4735-10 25.06.2020 25.06.2020 Préstamo interno  
    Préstamo restringido Préstamo restrigido Monografías: Libros y Folletos General General Depósito 25.07.2009 LF1   843.9 C694g 4735-20 25.06.2020 25.06.2020 Préstamo interno e.2
  Extraviado   Excluido de préstamo Monografías: Libros y Folletos General General Extraviado 03.04.2017 LF1   843.9 C694g 4735-30 25.06.2020 25.06.2020 No se presta e. 3

Powered by Koha